Comparative study of the values among rural and urban students of post-graduate classes of MDU, Rohtak (Record no. 72552)

MARC details
000 -LEADER
fixed length control field 00375nam a2200133Ia 4500
008 - FIXED-LENGTH DATA ELEMENTS--GENERAL INFORMATION
fixed length control field 230917s9999||||xx |||||||||||||| ||und||
040 ## - CATALOGING SOURCE
-- 89537
Original cataloging agency VIVEKANANDA LIBRARY
041 ## - Language
-- English
082 ## - DDC NUMBER
Classification number 378 B219C
100 ## - MAIN ENTRY--PERSONAL NAME
Personal name Balvir Singh
245 #0 - TITLE STATEMENT
Title Comparative study of the values among rural and urban students of post-graduate classes of MDU, Rohtak
300 ## - PHYSICAL DESCRIPTION
Pages 84 p.
942 ## - ADDED ENTRY ELEMENTS (KOHA)
Koha item type Thesis
Holdings
Withdrawn status Lost status Damaged status Not for loan Location (home branch) Sublocation or collection (holding branch) Date acquired Koha issues (times borrowed) Koha full call number Accession No. Koha date last seen Koha item type
        VIVEKANANDA LIBRARY VIVEKANANDA LIBRARY 30/04/2003   378 B219C 146586 17/09/2023 Thesis
© Designed and Maintained by Vivekananda Library, MDU Rohtak